000 00528 a2200181 4500
003 OSt
005 20240301160627.0
008 231205b |||||||| |||| 00| 0 eng d
020 _a9788182677012
040 _coclc
082 _a920
_bVEE/V
100 _aVeerendrakumar, M P
_91963
245 _aVivekanandan: Sannyasiyum Manushyanum /
_cM.P. Veerendrakumar
250 _a5th ed.
260 _aKozhikode:
_bMathrubhumi Books,
_c2019.
300 _a816p.
942 _2ddc
_cBK
_h920
_iVEE/V
_k920
_mVEE/V
999 _c43979
_d43979